000 00319nam a2200133Ia 4500
005 20251222144800.0
008 251222s9999||||xx |||||||||||||| ||spa||
020 _a958-30-0664-5
082 _a848.9/S16P
100 _aSaint-Exupéry, Antoine de
245 0 _aPiloto de Guerra
264 _bPanamericana
942 _cLIB
999 _c19684
_d19684